La mondialisation au banc des accusés: la condition humaine et la civilisation de l'information

Guardat en:
Dades bibliogràfiques
Autor principal: Rajaee, Farhang (Autor)
Format: Llibre
Idioma:francès
Publicat: Ottawa Centre de Recherches pour le Développement International 2001
Matèries:
Etiquetes: Afegir etiqueta
Sense etiquetes, Sigues el primer a etiquetar aquest registre!

MARC

LEADER 00000nam a2200000 a 4500
001 UCM5109
003 CL-VaPUC
008 020927e20010000CN |||||||||||||||||fre|d
082 0 4 |a 301  |b RAJ  |2 21 
100 0 |a Rajaee, Farhang  |e author  |9 471477 
245 1 3 |a La mondialisation au banc des accusés: la condition humaine et la civilisation de l'information 
300 |a 154 p 
942 |c BK 
945 |d 20020927 00:00:00  |a cmena 
260 |a Ottawa  |b Centre de Recherches pour le Développement International  |c 2001 
650 0 |a Antropología cultural   |9 269905 
650 0 |a Globalización  |9 361930 
650 0 |a Economía política  |9 255814 
650 0 |a Tecnología de la información   |9 254825 
650 0 |a Relaciones Internacionales  |9 255740 
583 |a last modification  |c 20020927 00:00:00  |k Rodrigo Vera 
999 |c 301393  |d 301391 
952 |0 0  |1 0  |4 0  |6 301_000000000000000_RAJ_2001  |7 0  |8 A  |9 360294  |a BIBHIS  |b BIBHIS  |d 2019-11-21  |i 3819418  |o 301 RAJ 2001  |p 3819418  |r 2025-01-20  |w 2019-11-21  |y BK  |k HIS